| 000 | 01035nam a22002657a 4500 | ||
|---|---|---|---|
| 999 |
_c12590 _d12590 |
||
| 003 | AR-CdUCM | ||
| 008 | 190409b ||||| |||| 00| 0 spa d | ||
| 020 | _a978-9972-33-566-2 | ||
| 040 |
_aMUNICIPALIDAD PROVINCIAL DEL CUSCO _cBIBLIOTECA MUNICIPAL DEL CUSCO |
||
| 041 | _hfre | ||
| 082 |
_a913.85 / _bJ32 |
||
| 100 |
_aJamin, Thierry _930495 |
||
| 245 | _aPusharo: la memoria recobrada de los incas / | ||
| 260 |
_aLima : _bEDISA, _c2007. |
||
| 300 |
_a258 páginas ; _bMapas, ilustraciones, fotografías _c23 cm. |
||
| 505 | _aContenido: Pusharo y la ciudad legendaria del Paititi -- El arte rupestre en el Peru: ¡Un patrimonio en peligro! -- Los petroglifos de Pusharo: presentación general -- El descubrimiento de los petroglifos de Pusharo ... | ||
| 650 |
_aPetroglifo _913736 |
||
| 650 |
_aPerú _935 |
||
| 650 |
_aArte rupestre _912199 |
||
| 650 |
_aPusharo _930496 |
||
| 650 |
_a Descripciones y viajes _9497 |
||
| 700 |
_aCartagena, Nicole de (traductor) _930497 |
||
| 942 |
_2ddc _cLIBROS |
||
| 945 |
_acmm _d2019-04-09 |
||